000 00439nam a22001577a 4500
005 20250602144104.0
008 250602b |||||||| |||| 00| 0 eng d
082 _a005.8
_bCHO-D
100 _aChollet, Francios
245 _aDeep Learning with python /
_cFrancois Chollet
260 _aUSA:
_bElsevier;
_c2018.
300 _axiv, 361 p. :
_bill;
_c24 cm.
500 _ainclude index.
650 _aArtificial Intelligence
999 _c36923
_d36923